[Event "Muensterland Verbandsliga 0708"]
[Site "Germany"]
[Date "2007.09.08"]
[Round "1.8"]
[White "Kumpmann, Ansgar"]
[Black "Richters, Alfred"]
[Result "1/2-1/2"]
[WhiteElo "1605"]
[BlackElo "1915"]
[PlyCount "67"]
[EventDate "2007.09.08"]
[EventType "team"]
[EventRounds "9"]
[EventCountry "GER"]
[SourceTitle "EXT 2009"]
[Source "ChessBase"]
[SourceDate "2008.11.26"]
[SourceVersion "1"]
[SourceVersionDate "2008.11.26"]
[SourceQuality "1"]
[WhiteTeam "Nordwalde"]
[BlackTeam "Suedlohn"]
[WhiteTeamCountry "GER"]
[BlackTeamCountry "GER"]

1. d4 e6 2. c4 f5 3. Nf3 Nf6 4. Nc3 Be7 5. b3 d6 6. Bb2 0-0 7. e3 Qe8 8. Bd3 Qg6 9. Rg1 Qh5 10. Qe2 a5 11. e4 fxe4 12. Nxe4 Nc6 13. Ng3 Qe8 14. Ng5 e5 15. dxe5 dxe5 16. 0-0-0 a4 17. h3 axb3 18. axb3 Ba3 19. Nf3 Qe7 20. Bxa3 Rxa3 21. Kb2 Qb4 22. Bc2 Be6 23. Qe1 Qc5 24. Ne4 Qa7 25. Nc3 Nb4 26. Qxe5 Ra2+ 27. Nxa2 Qxa2+ 28. Kc3 Qxc2+ 29. Kxb4 c5+ 30. Qxc5 Rc8 31. Qe5 Rxc4+ 32. bxc4 Qxc4+ 33. Ka5 Qa6+ 34. Kb4 1/2-1/2

[Event "Steinfurt Bezirksliga 0203"]
[Site "Germany"]
[Date "2003.01.25"]
[Round "5.6"]
[White "Holtmannspoetter, Michael"]
[Black "Kumpmann, Ansgar"]
[Result "0-1"]
[WhiteElo "1396"]
[BlackElo "1462"]
[PlyCount "74"]
[EventDate "2002.09.14"]
[EventType "team-tourn"]
[EventRounds "9"]
[EventCountry "GER"]
[SourceTitle "EXT 2004"]
[Source "ChessBase"]
[SourceDate "2003.11.25"]
[SourceVersion "1"]
[SourceVersionDate "2003.11.25"]
[SourceQuality "1"]
[WhiteTeam "Reckenfeld II"]
[BlackTeam "Nordwalde II"]
[WhiteTeamCountry "GER"]
[BlackTeamCountry "GER"]

1. e4 c5 2. Nf3 Nc6 3. Bc4 Nf6 4. Nc3 g6 5. d3 Bg7 6. Be3 d6 7. Qd2 Ng4 8. h3 Nxe3 9. fxe3 a6 10. 0-0 0-0 11. Ng5 e6 12. Nf3 b5 13. Bb3 Qb6 14. Nd1 Bb7 15. c3 Rac8 16. Kh1 Na5 17. Bc2 Rc7 18. Rb1 Rfc8 19. b3 Ba8 20. c4 Nc6 21. a3 Ne7 22. Qf2 h6 23. h4 Rf8 24. Qg3 h5 25. Nb2 Nc8 26. a4 Ra7 27. axb5 axb5 28. cxb5 Qxb5 29. Nc4 Rd8 30. d4 cxd4 31. exd4 Ra2 32. Bd3 d5 33. exd5 Qxd5 34. Ne3 Qd7 35. Ra1 Rxa1 36. Rxa1 Bxf3 37. Qxf3 Qxd4 0-1